00530nam a2200181 a 450000100060000000300090000600800410001502000150005604000280007108200160009910000310011524500470014626000460019330000110023949000370025065000300028765000310031714872CO-ViMGA141112s2004 ck r 000 u spa d a9589057128 aCO-ViMGAbspacCO-ViMGA04a658.81 S3541 aUniversidad de los Andes, 10aComo orientar su empresa hacia el mercadeo aBtá, cUniversidad de los Andes, c1989 a252.p. aPrograma de desarrollo gerencial14aADMINISTRACION - MERCADEO14aADMINISTRACION DE EMPRESAS